Geologic map of the Lockwood Valley quadrangle, Ventura County, California /

Bibliographic Details
Main Author: Kellogg, Karl S.
Corporate Author: Geological Survey (U.S.)
Format: Government Document Map
Language:English
Published: [Denver, Colorado] : U.S. Department of the Interior, U.S. Geological Survey, 2001.
Edition:Version 1.0.
Series:U.S. Geological Survey open-file report ; 99-0130.
Subjects:
Online Access:https://purl.fdlp.gov/GPO/gpo233717

MARC

Tag First Indicator Second Indicator Subfields
LEADER 00000nem a2200000 a 4500
001 in00005609921
006 m o c f
007 cr c||||||||||
007 aj|cz|z|
008 010221s2001 couag cc a fo 1 eng d
005 20241219164131.3
034 1 |a a  |b 24000  |d W1190730  |e W1190000  |f N0344500  |g N0343730 
035 |a (OCoLC)ocm45998414 
040 |a GIS  |b eng  |c GIS  |d OCLCQ  |d OCLCL  |d UND  |d OCLCO  |d GPO  |d MvI 
043 |a n-us-ca 
049 |a WWW 
050 4 |a G4361.C5 svar  |b .G4 no.99-130 
052 |a 4363  |b V4 
074 |a 0624-H (online) 
086 0 |a I 19.76:99-130 
100 1 |a Kellogg, Karl S.  |0 https://id.loc.gov/authorities/names/n82115240 
245 1 0 |a Geologic map of the Lockwood Valley quadrangle, Ventura County, California /  |c by Karl S. Kellogg. 
250 |a Version 1.0. 
255 |a Scale 1:24,000 ;  |b Lambert conformal conic projection  |c (W 119°07ʹ30ʺ--W 119°00ʹ00ʺ/N 34°45ʹ00ʺ--N 34°37ʹ30ʺ). 
264 1 |a [Denver, Colorado] :  |b U.S. Department of the Interior, U.S. Geological Survey,  |c 2001. 
300 |a 1 online resource (1 map) +  |e 1 pamphlet ([7] pages). 
336 |a cartographic image  |b cri  |2 rdacontent 
337 |a computer  |b c  |2 rdamedia 
338 |a online resource  |b cr  |2 rdacarrier 
490 1 |a U.S. Geological Survey open-file report ;  |v 99-0130 
500 |a Relief shown by contours and spot heights. 
500 |a Includes legend, location map, tectonic index map, and 2 cross sections. 
500 |a Includes metadata HTML file (34 KB), map PDF file (2.9 MB), map Pamphlet PDF file (56 KB) and archive files: ZIPed archive of ArcInfo and other files (786 KB), GZIPed TAR archive of ArcInfo and other files (779 KB), and ZIPed archive of base map (5.3 MB). 
500 |a In scope of the U.S. Government Publishing Office Cataloging and Indexing Program (C&I) and Federal Depository Library Program (FDLP). 
500 |a GPO Cataloging Record Distribution Program (CRDP). 
504 |a Pamphlet Includes bibliographical references. 
588 0 |a Online resource; title from index screen (USGS website, viewed Feb. 21, 2001). 
650 0 |a Geology  |z California  |z Ventura County  |v Maps. 
650 7 |a Geology.  |2 fast  |0 (OCoLC)fst00940627 
651 7 |a California  |z Ventura County.  |2 fast  |1 https://id.oclc.org/worldcat/entity/E39PBJxRygrPH8t9HMfwWdm68C  |0 (OCoLC)fst01206440 
655 7 |a Maps.  |2 fast  |0 (OCoLC)fst01423704 
655 7 |a Maps.  |2 lcgft  |0 https://id.loc.gov/authorities/genreForms/gf2011026387 
710 2 |a Geological Survey (U.S.)  |0 https://id.loc.gov/authorities/names/n80092173 
830 0 |a U.S. Geological Survey open-file report ;  |0 https://id.loc.gov/authorities/names/n86714535  |v 99-0130. 
856 4 0 |u https://purl.fdlp.gov/GPO/gpo233717  |t 0 
999 f f |i 3882dc0c-bf91-486b-b279-d25cb47ae475  |s 5294470a-f9ba-4ba4-bc83-3838504c746d  |t 0 
952 f f |a Texas A&M University  |b College Station  |c Electronic Resources  |d Available Online  |t 0  |e I 19.76:99-130  |h Superintendent of Documents classification 
998 f f |a I 19.76:99-130  |t 0  |l Available Online